000
00344pab a2200145 454500
008
180718b2004 xxu||||| |||| 00| 0 eng d
100
_a
Sah, B.L.
245
_a
The ideals of democracy
260
_c
2004
300
_a
p.421-34.
362
_a
Jul-Sep
650
_a
Democracy
773
_a
Indian Journal of Political Science
909
_a
63103
999
_c
63103
_d
63103